| 000 | 01410nam a2200349 a 4500 | ||
|---|---|---|---|
| 001 | 000115995 | ||
| 003 | CHAP | ||
| 005 | 20220329144556.0 | ||
| 008 | 190827s2019 mx a sm |||||||spa d | ||
| 010 | _a112456 | ||
| 011 | _a113428 | ||
| 040 | _cCHAP | ||
| 090 | _aTesis | ||
| 100 | 1 |
_aVillegas Avendaño, Nayeli. _9136715 |
|
| 245 | 1 | 0 |
_aEstrategia de comercialización de vainilla mexicana (Vanilla planifolia Jacks. ex Andrews) en el mercado internacional para organizaciones de productores / _h[En línea] _cpor Nayeli Villegas Avendaño y Benjamin Torres Espejel. |
| 260 |
_aChapingo, Méx. : _bEl autor, _c2019. |
||
| 500 | _aPara ver el contenido del material haga clic en la liga | ||
| 502 | _aTesis (Ing. Agr. Esp. en Economía Agrícola) -- UACH. División de Ciencias Económico Administrativas | ||
| 590 |
_aBATCH-UPD _b05 _c20190827 _lUCH01 _h1521 |
||
| 590 |
_aE8697GMM _b05 _c20190827 _lUCH01 _h0957 |
||
| 590 |
_aE8697GMM _b05 _c20190827 _lUCH01 _h0959 |
||
| 590 |
_aE8697GMM _b05 _c20190827 _lUCH01 _h1520 |
||
| 650 | 1 | 4 |
_aVainilla _xAspectos económicos _xMéxico. _9117194 |
| 650 | 1 | 4 |
_aVainilla _xExportación. _9117200 |
| 650 | 1 | 4 |
_aVainilla _xMercadeo. _9117205 |
| 650 | 1 | 4 |
_aVainilla _xRendimiento. _9117209 |
| 700 | 1 |
_aTorres Espejel, Benjamin. _9136716 |
|
| 856 |
_aFinding aid _uhttp://10.13.5.2/tesis/sist115995.pdf _zTeclea aquí |
||
| 901 | _aBK | ||
| 942 | _cTESIS | ||
| 942 | _n0 | ||
| 999 |
_c112456 _d112456 |
||